000
00501nam a2200181Ia 4500
008
100917s9999 xx 000 0 und d
082
_b
50734
100
_a
केळकर मृणालिनी
245
_a
चक्रवाक
260
_b
नेत्रा प्रकाशन
_c
1981
300
_a
88
365
_b
10
520
_a
कादंबरी
630
_a
चक्रवाक
650
_a
कादंबरी
730
_a
चक्रवाक
942
_c
BOOK
999
_c
656128
_d
656125